000 00454nam a2200181Ia 4500
005 20250423095211.0
008 250422s9999 xx 000 0 und d
020 _a9781465463852
050 _aSB 473 .E53/
100 _aEdited by Young Chris
245 0 _aEncyclopedia of landscape design
260 _aNew York
260 _bDK Publishing
260 _c2017
300 _a391 p
650 _aGardens--Design. Landscape gardening
942 _cBK
999 _c29553
_d29553